| 000 | 00535ngm a2200205 4500 | ||
|---|---|---|---|
| 005 | 20170509083353.0 | ||
| 006 | a|||||r|||| 00| | | ||
| 008 | 160218b xxu||||| |||| 00| 0 spa d | ||
| 041 | _aspa | ||
| 082 | _a157 DVD | ||
| 245 | _aTalamanca la Ășltima frontera | ||
| 260 |
_aCosta Rica _bMertec _c1999 |
||
| 300 | _a48 minutos | ||
| 650 |
_aCOSTA RICA _942492 |
||
| 650 |
_a TALAMANCA _92385 |
||
| 650 |
_aBIODIVERSIDAD _91061 |
||
| 650 |
_aINDĂGENAS _97550 |
||
| 650 |
_aRESERVA NACIONAL LA AMISTAD _942493 |
||
| 942 | _cDVD | ||
| 999 |
_c9363 _d9363 |
||